| 000 | 01069nam a2200253 a 4500 | ||
|---|---|---|---|
| 001 | 86336 | ||
| 003 | BD-RjUL | ||
| 005 | 20260408112617.0 | ||
| 008 | 260408s2024 bg a|||| m||| 00| 0 eng d | ||
| 035 | _a(BD-RjUL)86336 | ||
| 040 |
_aBD-RjUL _beng _cBD-RjUL _dBD-RjUL |
||
| 041 | _aeng | ||
| 082 |
_223 _a615.1 _bKHP 2024 |
||
| 100 |
_aKhanam, Khadiza, Submitted by _918066 |
||
| 245 | 1 | 0 |
_aPharmacological Evaluation of Emblica Officinalis in Combination with Linagliptin on Streptozotocin Induced Diabetic Rats / _cSubmitted by, Khadiza Khanam ; _6Supervisor : Mamunur Rashid, Co-Supervisor : Aziz Abdur Rahman |
| 260 |
_aRajshahi : _bInstitute of Biological Sciences, University of Rajshahi, _c2024 |
||
| 300 |
_axiv, 150 Leaves : _bill, ; _c30 cm. |
||
| 502 | _aThesis (Ph. D.) -- Institute of Biological Sciences, University of Rajshahi, 2024 | ||
| 504 | _aReferences : Leaves 114-131 | ||
| 650 |
_aPharmacological _vEvaluation _918067 |
||
| 700 |
_aRashid, Mamunur, Supervisor _918068 |
||
| 700 |
_aRahman, Aziz Abdur, Co-Supervisor _918069 |
||
| 942 |
_2ddc _cTHE |
||
| 999 |
_c86336 _d86336 |
||